00459nam a2200157 i 4500001000700000003000900007005001700016007000300033008004100036100003700077245009100114260003600205300002300241650001600264852002100280108467ES-MaACL20230906184640.0t|061121s1914 sp r ||||1| spa d1 aMontero y de Torres, Enrique de.14aLos modernos barcos submarinos al alcance de todos / cEnrique de Montero y de Torres. aMadrid : b[R. Alvarez, c1914] a441 p., VI láms. 4aSubmarinos. aES-MaACLjF-2451